000 00408nam a22001697a 4500
003 macl
005 20160115143616.0
008 160115b xxu||||| |||| 00| 0 eng d
040 _cmacl
041 _aEnglish
082 _a823/RAY
100 _aRay Bharati
_91771
245 _aDaughters A Story Of Five Generations
260 _aMumbai
_bPenguin Books
_c2011
650 _aStory
_932607
942 _2ddc
_cBK
999 _c52453
_d52453